| 000 | 00891pam a2200289 a 4500 | ||
|---|---|---|---|
| 001 | 3033988 | ||
| 003 | LC | ||
| 005 | 20160308144504.0 | ||
| 008 | 950929s1996 nyu 000 1 eng | ||
| 010 | _a 95030057 | ||
| 020 | _a068480297X | ||
| 040 |
_aDLC _cDLC _dDLC |
||
| 050 | 0 | 0 |
_aPS 3553.U75 _b.C986 1996 |
| 082 | 0 | 0 |
_aFIC _bC96s 1996 |
| 100 | 1 |
_aCussler, Clive. _917755 |
|
| 245 | 1 | 0 |
_aShock wave : _ba novel / _cClive Cussler. |
| 260 |
_aNew York : _bSimon & Schuster, _cc1996. |
||
| 300 |
_a537 p. ; _c25 cm. |
||
| 650 | 0 |
_aFiction. _9746 |
|
| 650 | 0 | _aPitt, Dirk (Fictitious character) -- Fiction. | |
| 650 | 0 | _aAdventure Fiction. | |
| 655 | 7 |
_aAdventure stories. _2gsafd _92927 |
|
| 906 |
_a7 _bcbc _corignew _d1 _eocip _f19 _gy-gencatlg |
||
| 942 |
_2lcc _cBK |
||
| 999 |
_c10805 _d10805 |
||